[Event "21st ch-EUR Indiv 2021"]
[Site "Reykjavik ISL"]
[Date "2021.09.03"]
[Round "9.63"]
[White "Bergsson, Stefan"]
[Black "Pozimski, Szymon"]
[Result "1-0"]
[WhiteElo "2158"]
[BlackElo "2019"]
[WhiteFideId "2301393"]
[BlackFideId "1138855"]
[EventDate "2021.08.26"]

1. d4 d5 2. Nf3 Nf6 3. c4 dxc4 4. Nc3 e6 5. e4 Bb4 6. Bxc4 Nxe4 7. O-O Nxc3 8.
bxc3 Be7 9. Re1 O-O 10. Bb3 c5 11. Bc2 Nc6 12. Qd3 g6 13. Bh6 Re8 14. a3 cxd4
15. cxd4 Bf6 16. Rad1 Bd7 17. Qe4 Qc7 18. Bf4 Qa5 19. Rb1 b6 20. Bd6 Qd5 21. Qf4
Nxd4 22. Be4 Nxf3+ 23. Bxf3 Qg5 24. Qxg5 Bxg5 25. Bxa8 Rxa8 26. f4 Bf6 27. Rec1
Bd8 28. Kf2 Bc8 29. a4 Ba6 30. Ke3 h5 31. a5 bxa5 32. Bc7 Rc8 33. Bxd8 Rxd8 34.
Rc6 Rd3+ 35. Ke4 Rd2 36. Rxa6 Rxg2 37. Rxa7 1-0

[Event "21st ch-EUR Indiv 2021"]
[Site "Reykjavik ISL"]
[Date "2021.09.03"]
[Round "9.64"]
[White "Heidarsson, Arnar Milutin"]
[Black "Halldorsson, Jon Arni"]
[Result "0-1"]
[WhiteElo "1916"]
[BlackElo "2115"]
[WhiteFideId "2312875"]
[BlackFideId "2301075"]
[EventDate "2021.08.26"]

1. d4 d5 2. c4 c6 3. Nc3 Nf6 4. cxd5 cxd5 5. f3 Qb6 6. e3 Nc6 7. Bd3 e6 8. Nge2
Bd7 9. O-O Bd6 10. Kh1 O-O 11. g4 Rac8 12. Bb1 Qd8 13. g5 Nh5 14. e4 dxe4 15.
fxe4 e5 16. d5 Ne7 17. Be3 Bc5 18. Bxc5 Rxc5 19. b4 Rc8 20. d6 Ng6 21. Nd5 Qxg5
22. Rg1 Qh4 23. Ng3 Bg4 24. Qb3 Nhf4 25. Nxf4 exf4 26. Nf1 Rc1 27. Nd2 Rxg1+ 28.
Kxg1 Qe1+ 29. Nf1 Be2 0-1

[Event "21st ch-EUR Indiv 2021"]
[Site "Reykjavik ISL"]
[Date "2021.09.03"]
[Round "9.65"]
[White "Koellner, Aaron Noah"]
[Black "Nielsen, Thomas1"]
[Result "1-0"]
[WhiteElo "2248"]
[BlackElo "1953"]
[WhiteFideId "12993085"]
[BlackFideId "1407147"]
[EventDate "2021.08.26"]

1. d4 Nf6 2. Bg5 d5 3. e3 c5 4. Bxf6 exf6 5. dxc5 Bxc5 6. c3 O-O 7. Bd3 Re8 8.
Ne2 Nc6 9. O-O Qb6 10. Qc2 g6 11. Nf4 Be6 12. Nd2 Ne5 13. Be2 Rad8 14. Kh1 Bf5
15. Qb3 Qd6 16. Rad1 g5 17. Nh5 Ng4 18. Ng3 Bc8 19. Bxg4 Bxg4 20. Nde4 Qc6 21.
Rxd5 Be7 22. Rxd8 Rxd8 23. f3 Be6 24. Qc2 f5 25. Nf2 Qb5 26. b3 h5 27. c4 Qc5
28. e4 f4 29. Nxh5 Qe5 30. g3 fxg3 31. Nxg3 Qf4 32. Ng4 Rd2 33. Qc3 Rxa2 34. Nh5 1-0

[Event "21st ch-EUR Indiv 2021"]
[Site "Reykjavik ISL"]
[Date "2021.09.03"]
[Round "9.66"]
[White "Player, Edmund C"]
[Black "Haraldsson, Haraldur"]
[Result "1-0"]
[WhiteElo "2172"]
[BlackElo "1918"]
[WhiteFideId "406520"]
[BlackFideId "2311100"]
[EventDate "2021.08.26"]

1. e4 c5 2. Nc3 Nc6 3. Bb5 e6 4. Bxc6 bxc6 5. d3 d6 6. Nge2 g6 7. O-O Bg7 8. Be3
Ne7 9. Qd2 O-O 10. Bh6 e5 11. Bxg7 Kxg7 12. f4 Qb6 13. fxe5 dxe5 14. Na4 Qd8 15.
Nxc5 Qd6 16. Qc3 f6 17. Rf2 Be6 18. h3 Rae8 19. Raf1 Nc8 20. Nxe6+ Rxe6 21. Nc1
Nb6 22. Nb3 Nd7 23. Nd2 c5 24. Nc4 Qc6 25. Ne3 Nb6 26. b3 Rd6 27. a4 Rd4 28. a5
Nd7 29. Qd2 Rd6 30. Ng4 Kg8 31. h4 Re8 32. h5 Ree6 33. hxg6 hxg6 34. Qh6 Nf8 35.
Rf3 Qa6 36. Ne3 Qb7 37. Rh3 Qg7 38. Qh4 Kf7 39. Qg3 Rd7 40. Ng4 Rde7 41. Qh2 Ke8
42. Ne3 Rf7 43. Nd5 Kd7 44. Qg3 Ra6 45. Qf2 Ne6 46. b4 cxb4 47. Qd2 Qf8 48. Nxb4
Qc5+ 49. Kh2 Qxa5 50. c3 Rd6 51. Nd5 Nc7 52. Ne3 Ne6 53. Nc4 Qc5 54. Nxd6 Qxd6
55. Ra1 Qb6 56. Qa2 Kd6 57. Qd5+ Ke7 58. Qa2 Kf8 59. Rb1 Qd6 60. Qd5 Qxd5 61.
exd5 Nf4 62. Rb8+ Kg7 63. Rhh8 f5 64. c4 Nxd3 65. Rhc8 e4 66. d6 e3 67. Re8 f4
68. Re7 Nc5 69. Rc8 Nb7 70. Rxf7+ 1-0

[Event "21st ch-EUR Indiv 2021"]
[Site "Reykjavik ISL"]
[Date "2021.09.03"]
[Round "9.67"]
[White "Saraci, Korab"]
[Black "Ragnarsson, Johann"]
[Result "0-1"]
[WhiteElo "2154"]
[BlackElo "1916"]
[WhiteFideId "4701968"]
[BlackFideId "2301040"]
[EventDate "2021.08.26"]

1. e4 c6 2. d4 d5 3. exd5 cxd5 4. Nf3 Nc6 5. Bd3 Qc7 6. c3 Bg4 7. O-O e6 8. Be3
Bd6 9. h3 Bh5 10. Nbd2 Nge7 11. Re1 Bg6 12. Nf1 O-O 13. g4 Rad8 14. Bg5 f6 15.
Bh4 Bxd3 16. Qxd3 Ng6 17. Bg3 Bxg3 18. fxg3 e5 19. Qf5 e4 20. N3d2 Nce7 21. Qh5
f5 22. gxf5 Nxf5 23. Qg4 Rf6 24. c4 Ngh4 25. cxd5 Rg6 26. Qxe4 Nxg3 27. Nxg3
Qxg3+ 28. Kf1 Ng2 29. Qe5 Rf8+ 30. Ke2 Qf2+ 31. Kd3 Rg3+ 32. Kc4 Nxe1 33. Rxe1
Rg2 34. Qe6+ Qf7 35. Qxf7+ Kxf7 36. Ne4 Rc2+ 37. Kb3 Rc7 38. Ng5+ Kg8 39. Ne6
Rf3+ 40. Kb4 Rd7 41. Kc4 Rf5 42. Re5 g6 43. Nc5 b5+ 44. Kxb5 Rxe5 45. dxe5 Rxd5
46. e6 Kf8 47. a4 g5 48. b4 h5 49. Kc6 Rd4 50. b5 g4 51. hxg4 hxg4 52. a5 g3 53.
b6 axb6 54. axb6 g2 55. Nd7+ Ke7 56. b7 Rb4 57. Nb6 Rxb6+ 58. Kxb6 g1=Q+ 0-1

[Event "21st ch-EUR Indiv 2021"]
[Site "Reykjavik ISL"]
[Date "2021.09.03"]
[Round "9.68"]
[White "Mai, Alexander Oliver"]
[Black "Jonsson, Kristjan Dagur"]
[Result "1-0"]
[WhiteElo "2090"]
[BlackElo "1706"]
[WhiteFideId "2313391"]
[BlackFideId "2313413"]
[EventDate "2021.08.26"]

1. e4 c6 2. Nc3 d5 3. Nf3 dxe4 4. Nxe4 Nf6 5. Qe2 Nxe4 6. Qxe4 Nd7 7. Bc4 Nf6 8.
Ne5 e6 9. Qe2 Bd6 10. d4 Qc7 11. O-O Bd7 12. Re1 h6 13. c3 O-O 14. Bf4 Rad8 15.
Rad1 Nd5 16. Bg3 Rfe8 17. Bd3 a5 18. c4 Ne7 19. c5 Bxe5 20. Bxe5 Qc8 21. Qg4 g6
22. Qh4 Nf5 23. Qf6 1-0

[Event "21st ch-EUR Indiv 2021"]
[Site "Reykjavik ISL"]
[Date "2021.09.03"]
[Round "9.69"]
[White "Briem, Benedikt"]
[Black "Birkisson, Bjorn Holm"]
[Result "1/2-1/2"]
[WhiteElo "1858"]
[BlackElo "2064"]
[WhiteFideId "2315432"]
[BlackFideId "2310600"]
[EventDate "2021.08.26"]

1. d4 Nf6 2. c4 g6 3. Nc3 d5 4. Nf3 Bg7 5. Qb3 dxc4 6. Qxc4 O-O 7. e4 a6 8. Be2
b5 9. Qb3 c5 10. dxc5 Be6 11. Qc2 Nbd7 12. Be3 Rc8 13. Rd1 b4 14. Nd5 Bxd5 15.
exd5 Nxc5 16. Bxc5 Nd7 17. Bxa6 Rxc5 18. Qe2 Ra5 19. Bc4 Nb6 20. O-O Nxc4 21.
Qxc4 Qd6 22. a3 bxa3 23. bxa3 Rxa3 24. Nd4 Bxd4 1/2-1/2

[Event "21st ch-EUR Indiv 2021"]
[Site "Reykjavik ISL"]
[Date "2021.09.03"]
[Round "9.70"]
[White "Johannsdottir, Johanna Bjorg"]
[Black "Hjaltason, Elvar Orn"]
[Result "1-0"]
[WhiteElo "2019"]
[BlackElo "1702"]
[WhiteFideId "2303108"]
[BlackFideId "2315084"]
[EventDate "2021.08.26"]

1. e4 e5 2. Nf3 Nc6 3. Bc4 Nf6 4. d3 Bc5 5. c3 a6 6. O-O Ba7 7. Bb3 d6 8. h3 O-O
9. Nbd2 h6 10. Re1 Re8 11. Nf1 Be6 12. Bc2 d5 13. Qe2 Qd7 14. Ng3 Rad8 15. Be3
Bxe3 16. Qxe3 Nh7 17. Nh4 Qe7 18. Nhf5 Bxf5 19. Nxf5 Qg5 20. h4 Qxe3 21. Rxe3 d4
22. Rg3 g6 23. Bb3 Rd6 24. Nxd6 cxd6 25. Rxg6+ Kf8 26. Rxh6 Kg7 27. Rxd6 Re7 28.
Bd5 dxc3 29. bxc3 Rc7 30. Bxc6 bxc6 1-0

[Event "21st ch-EUR Indiv 2021"]
[Site "Reykjavik ISL"]
[Date "2021.09.03"]
[Round "9.71"]
[White "Kueng, Nicolas"]
[Black "Patt, Zafrir"]
[Result "1-0"]
[WhiteElo "2005"]
[BlackElo "1677"]
[WhiteFideId "1336126"]
[BlackFideId "2840170"]
[EventDate "2021.08.26"]

1. d4 Nf6 2. c4 e6 3. Nc3 d5 4. cxd5 exd5 5. Bg5 Be7 6. e3 O-O 7. Bd3 h6 8. Bh4
c6 9. Qc2 Re8 10. Nge2 Nh5 11. Bxe7 Qxe7 12. h3 Nd7 13. O-O-O Nhf6 14. Kb1 b5
15. g4 Nb6 16. Ng3 Nc4 17. Rhe1 a5 18. e4 Qb4 19. Qb3 dxe4 20. Ngxe4 Nxe4 21.
Nxe4 Be6 22. Qxb4 axb4 23. b3 Nb6 24. Rc1 Bd5 25. Nd6 Red8 26. Nf5 Kf8 27. Re5
Re8 28. Ne3 Rec8 29. Nc2 Bg2 30. Nxb4 Nd7 31. Re3 Re8 32. Rg3 Bd5 33. Nxd5 cxd5
34. Bxb5 Re7 35. Bc6 Ra6 36. Bb7 Ra7 37. Rc8+ Re8 38. Rxe8+ Kxe8 39. Bxd5 Nf6
40. Bc6+ Ke7 41. b4 Kd6 42. b5 Ra4 43. Rd3 Nd5 44. Bxd5 Kxd5 45. Rb3 Kxd4 46. b6
Ra8 47. b7 Rb8 48. a4 1-0

[Event "21st ch-EUR Indiv 2021"]
[Site "Reykjavik ISL"]
[Date "2021.09.03"]
[Round "9.72"]
[White "Maggason, Oskar"]
[Black "Petursson, Gudni"]
[Result "0-1"]
[WhiteElo "1783"]
[BlackElo "1988"]
[WhiteFideId "2303779"]
[BlackFideId "2301725"]
[EventDate "2021.08.26"]

1. d4 Nf6 2. c4 g6 3. Nc3 d5 4. e3 Bg7 5. Nf3 O-O 6. Bd3 c5 7. O-O cxd4 8. exd4
Nc6 9. Be3 Nb4 10. Rc1 Nxd3 11. Qxd3 Bf5 12. Qe2 dxc4 13. Qxc4 a6 14. Rfd1 b5
15. Qe2 Rc8 16. b3 Qd6 17. h3 h5 18. Ne5 Nd5 19. Nxd5 Qxd5 20. g4 hxg4 21. hxg4
Be6 22. Nd3 Bd7 23. Nf4 Qd6 24. Nh3 Rxc1 25. Rxc1 Qe6 26. Nf4 Qxg4+ 27. Qxg4
Bxg4 28. Rc7 Rd8 29. Rxe7 Bxd4 30. Ng2 Bxe3 31. Nxe3 Bf3 32. Ra7 Rd6 33. Kh2 Be4
34. Kg3 Bb1 35. a4 Bd3 36. a5 b4 37. Rc7 Bb5 38. Rc1 Rd3 39. Rb1 Bd7 40. Kg2 Be6
41. Nc4 Rc3 42. Ne5 Rxb3 43. Rxb3 Bxb3 44. Nd3 Bd5+ 45. Kf1 b3 46. Ke1 Be4 47.
Nb2 f5 48. Kd2 f4 49. Kc3 g5 50. Kxb3 g4 51. Nd1 Bf3 52. Kc2 Kf7 53. Kd2 Ke6 54.
Nc3 Kd6 55. Kd3 Kc5 56. Ne4+ Bxe4+ 57. Kxe4 g3 58. Kf3 gxf2 59. Kxf2 Kb5 60. Kf3
Kxa5 61. Kxf4 Kb4 0-1

[Event "21st ch-EUR Indiv 2021"]
[Site "Reykjavik ISL"]
[Date "2021.09.03"]
[Round "9.73"]
[White "Omarsson, Adam"]
[Black "Heimisson, Hilmir Freyr"]
[Result "0-1"]
[BlackTitle "FM"]
[WhiteElo "1546"]
[BlackElo "2309"]
[WhiteFideId "2311453"]
[BlackFideId "2309998"]
[EventDate "2021.08.26"]

1. d4 Nf6 2. c4 e6 3. Nc3 Bb4 4. f3 c5 5. d5 b5 6. e4 O-O 7. a3 Bxc3+ 8. bxc3
bxc4 9. Bxc4 Nxd5 10. Bxd5 exd5 11. Qxd5 Ba6 12. Qxc5 Qf6 13. Qd4 Qg6 14. Ra2
Nc6 15. Qd2 Ne5 16. Nh3 Nd3+ 17. Kd1 Bc4 18. Ra1 Qa6 19. Qc2 d5 20. exd5 Rad8
21. Nf4 Nxf4 22. Bxf4 Rxd5+ 23. Kc1 Bd3 24. Qb3 Bc4 25. Qc2 Rfd8 26. Re1 Bd3 27.
Qd2 Bb5 28. Qc2 Ba4 29. Qe2 Rd1+ 0-1

[Event "21st ch-EUR Indiv 2021"]
[Site "Reykjavik ISL"]
[Date "2021.09.03"]
[Round "9.74"]
[White "Gudmundsson, Gunnar Erik"]
[Black "Heidarsson, Mikael Bjarki"]
[Result "1-0"]
[WhiteElo "1844"]
[BlackElo "1473"]
[WhiteFideId "2314339"]
[BlackFideId "2317532"]
[EventDate "2021.08.26"]

1. d4 Nf6 2. c4 d6 3. Nc3 c5 4. d5 g6 5. Nf3 Bg7 6. e4 O-O 7. Be2 Bg4 8. O-O e6
9. Bg5 exd5 10. exd5 Re8 11. Qd2 Nbd7 12. Rae1 Qb6 13. h3 Bxf3 14. Bxf3 Ne5 15.
Be2 Re7 16. f4 Ned7 17. Bd3 Rae8 18. Rc1 Re3 19. Kh2 Nh5 20. Nd1 Bd4 21. Rb1 Ng3
22. Nxe3 Bxe3 23. Qc2 Nxf1+ 24. Rxf1 Kg7 25. Qa4 Qc7 26. Kh1 f6 27. Bh4 a6 28.
Re1 Re7 29. Bf2 Nb6 30. Qc2 Bxf4 31. Rxe7+ Qxe7 32. b4 cxb4 33. g3 Be5 34. Bxb6
Bxg3 35. Qe2 Be5 36. Kg2 f5 37. Qe3 Qh4 38. Be2 f4 39. Qf2 Qg5+ 40. Kf1 Qf5 41.
Kg2 h5 42. Bf3 Qf6 43. Qd2 Bc3 44. Qd3 Qg5+ 45. Kf1 Qg3 46. Bd4+ Bxd4 47. Qxd4+
Kh7 48. Qe4 Qxh3+ 49. Bg2 Qd7 50. Qxf4 Qf5 51. Qxf5 gxf5 52. c5 1-0

[Event "21st ch-EUR Indiv 2021"]
[Site "Reykjavik ISL"]
[Date "2021.09.03"]
[Round "9.76"]
[White "Omarsson, Josef"]
[Black "Jonsson, Olafur Gisli"]
[Result "0-1"]
[WhiteElo "1211"]
[BlackElo "1800"]
[WhiteFideId "2316102"]
[BlackFideId "2302705"]
[EventDate "2021.08.26"]

1. d4 d5 2. Bf4 c5 3. e3 Nc6 4. Nf3 Nf6 5. c3 e6 6. Bd3 Bd6 7. Ne5 Qc7 8. Qa4
O-O 9. Nxc6 Bxf4 10. Na5 Bd7 11. Qa3 Bd6 12. b4 c4 13. Bc2 b6 14. Nxc4 Qxc4 15.
Nd2 Qc7 16. Qc1 Rfc8 17. Nb1 Bxb4 18. O-O Bxc3 19. Nxc3 Qxc3 20. Bb3 Ne4 21. Qa3
Qa5 22. Qe7 Nf6 23. Rac1 h6 24. h3 Qd2 25. Rxc8+ Rxc8 26. Rd1 Qc3 27. Qa3 a5 28.
Rb1 a4 29. Qd6 axb3 30. Rxb3 Qe1+ 31. Kh2 Qxf2 32. Rxb6 Ne4 33. Qxd7 Qg3+ 0-1

[Event "21st ch-EUR Indiv 2021"]
[Site "Reykjavik ISL"]
[Date "2021.09.03"]
[Round "9.77"]
[White "Hreinsson, Johann Helgi"]
[Black "Tummasarson, Flovin M."]
[Result "0-1"]
[WhiteElo "1195"]
[BlackElo "1764"]
[WhiteFideId "2317540"]
[BlackFideId "7202431"]
[EventDate "2021.08.26"]

1. d4 Nf6 2. c4 g6 3. Nc3 d5 4. Nf3 Bg7 5. Bf4 c5 6. e3 Nc6 7. h3 O-O 8. Be2 Bf5
9. O-O dxc4 10. Bxc4 Ne4 11. Nxe4 Bxe4 12. dxc5 Bxb2 13. Qxd8 Raxd8 14. Rad1 Ba3
15. Bg5 Bxc5 16. Bb5 Kg7 17. Bxc6 Bxc6 18. Rc1 Bd6 19. Nd4 Bd7 20. Rb1 b6 21.
Nb5 Bxb5 22. Rxb5 h6 23. Bf4 Bxf4 24. exf4 Rd2 25. Ra1 Rc8 26. a4 Rcc2 27. Rf1
Rb2 28. Rxb2 Rxb2 29. Rd1 Rb4 30. Rd7 Rxa4 31. Rxe7 a5 32. Rb7 Rb4 33. Kf1 a4
34. Ke1 b5 35. Kd2 a3 36. Kc3 Ra4 0-1

[Event "21st ch-EUR Indiv 2021"]
[Site "Reykjavik ISL"]
[Date "2021.09.03"]
[Round "9.81"]
[White "Gade, Jens"]
[Black "Sveinbjornsson, Gudmundur Orri"]
[Result "1/2-1/2"]
[WhiteElo "1487"]
[BlackElo "1037"]
[WhiteFideId "1416111"]
[BlackFideId "2318369"]
[EventDate "2021.08.26"]

1. d4 Nf6 2. c4 g6 3. Nc3 d5 4. e3 Bg7 5. Nf3 O-O 6. Be2 Bf5 7. O-O Re8 8. cxd5
Nxd5 9. Qb3 Nxc3 10. bxc3 b6 11. Bc4 e6 12. Re1 Nd7 13. Bb5 a6 14. Bc6 Rb8 15.
e4 Bg4 16. Nd2 e5 17. f3 Be6 18. d5 Nc5 19. Qc2 Bd7 20. Bxd7 Qxd7 21. Nb3 Nxb3
22. axb3 a5 23. Rd1 c6 24. c4 Bf8 25. Ba3 Bxa3 26. Rxa3 Red8 27. Qc3 f6 28. Raa1
cxd5 29. Rxd5 Qc6 30. Rad1 Qc7 31. Qd3 Rxd5 32. Qxd5+ Kg7 33. Qd7+ Qxd7 34.
Rxd7+ Kh6 35. Kf2 g5 36. g4 Kg6 37. Kg3 b5 38. c5 Rc8 39. Ra7 Rxc5 40. Rxa5 h5
41. gxh5+ Kxh5 42. b4 Rc1 43. Rxb5 Rb1 44. Rb8 Rg1+ 45. Kf2 Rb1 46. b5 Kg6 47.
b6 Rb2+ 48. Kg3 Kf7 49. b7 Kg7 50. h4 gxh4+ 51. Kxh4 Rh2+ 52. Kg3 Rb2 53. Kg4
Rg2+ 54. Kf5 Rb2 55. Ke6 Rb6+ 56. Kd7 Rb1 57. Ke6 Rb6+ 58. Kf5 Rb3 59. f4 exf4
60. Kxf4 Rb4 61. Kf5 Rb5+ 62. Kf4 Rb4 63. Kf5 Rb5+ 64. Ke6 Rb6+ 65. Ke7 Rb4 66.
Kd6 Rb1 67. Ke7 Rb4 68. Kd6 Rb1 69. Ke6 Rb6+ 70. Kf5 Rb5+ 1/2-1/2

[Event "21st ch-EUR Indiv 2021"]
[Site "Reykjavik ISL"]
[Date "2021.09.03"]
[Round "9.82"]
[White "Briem, Gudrun Fanney"]
[Black "Helgadottir, Idunn"]
[Result "0-1"]
[WhiteElo "1240"]
[BlackElo "1243"]
[WhiteFideId "2317486"]
[BlackFideId "2314118"]
[EventDate "2021.08.26"]

1. d4 Nf6 2. Bf4 d5 3. e3 c5 4. c3 Nc6 5. Bd3 Qb6 6. Qb3 c4 7. Qxb6 axb6 8. Bc2
b5 9. a3 b4 10. Nd2 b5 11. Ngf3 e6 12. Nb1 b3 13. Bd1 b4 14. O-O Ne4 15. cxb4
Nxb4 16. Nbd2 Nxd2 17. Nxd2 Nd3 18. Rb1 Ba6 19. Nf3 Nxf4 20. exf4 c3 21. Re1 Bd3
22. Bxb3 Bxb1 23. Rxb1 cxb2 24. Rxb2 Bxa3 25. Rb1 O-O 26. Re1 Rfc8 27. h4 Bd6
28. Ne5 Ra3 29. Bd1 Ra1 30. f5 Rcc1 31. fxe6 fxe6 32. Nf3 Rxd1 33. Kf1 Rxe1+ 34.
Nxe1 Bb4 0-1

[Event "21st ch-EUR Indiv 2021"]
[Site "Reykjavik ISL"]
[Date "2021.09.03"]
[Round "9.83"]
[White "Moller, Tomas"]
[Black "Hallmundarson, Birkir"]
[Result "1/2-1/2"]
[WhiteElo "1402"]
[BlackElo "1095"]
[WhiteFideId "2315343"]
[BlackFideId "2319446"]
[EventDate "2021.08.26"]

1. e4 Nf6 2. e5 Nd5 3. d4 d6 4. c4 Nb6 5. exd6 cxd6 6. d5 g6 7. Qd4 f6 8. Nc3
Bg7 9. Bd3 O-O 10. Nge2 f5 11. Qe3 N8d7 12. f4 Nf6 13. h3 Bd7 14. b3 Re8 15. Bb2
e5 16. dxe6 Rxe6 17. Qd2 Bc6 18. Rg1 d5 19. O-O-O dxc4 20. Bxc4 Qxd2+ 21. Rxd2
Nxc4 22. bxc4 Rae8 23. Ng3 Re1+ 24. Rxe1 Rxe1+ 25. Kc2 Rg1 26. Nd5 Nxd5 27. cxd5
Ba4+ 28. Kd3 Bxb2 29. Rxb2 b6 30. Rd2 Re1 31. Kd4 Kf7 32. Ne2 Rd1 33. Rxd1 Bxd1
34. Nc3 Bc2 35. Ke5 Ke7 36. g3 a6 37. d6+ Kd7 38. Nd5 b5 39. Nf6+ Kd8 40. Nxh7
Bb1 41. a3 a5 42. Nf8 Ba2 43. Kd4 b4 44. axb4 a4 45. Kc3 a3 46. Nxg6 Kd7 47.
Ne5+ Kxd6 48. b5 Kc5 49. b6 Kxb6 50. Kb4 Bg8 51. Kxa3 Kc5 52. Nd7+ Kd4 53. h4
Bf7 54. Kb4 Ke3 55. Kc5 Kf2 56. Kd6 Kxg3 57. Ke5 Kxh4 58. Kxf5 Ba2 59. Nf8 Kh5
60. Ne6 Bb1+ 61. Ke5 Kg6 62. Nc5 Kf7 63. Ne4 Bxe4 64. Kxe4 Ke6 65. f5+ Kf6 66.
Kf4 Kf7 67. Ke5 Ke7 68. f6+ Kf7 69. Kf5 Kf8 70. Ke6 Ke8 71. Kf5 Kf7 72. Kg5 Kf8
73. Kg6 Kg8 74. f7+ Kf8 75. Kf6 1/2-1/2

[Event "21st ch-EUR Indiv 2021"]
[Site "Reykjavik ISL"]
[Date "2021.09.03"]
[Round "9.85"]
[White "Johannsson, Markus Orri"]
[Black "Saemundarson, Saethor Ingi"]
[Result "1-0"]
[WhiteElo "1117"]
[BlackElo "1216"]
[WhiteFideId "2318539"]
[BlackFideId "2319845"]
[EventDate "2021.08.26"]

1. e4 e5 2. Nf3 Nc6 3. Bb5 a6 4. Bxc6 dxc6 5. d3 Nf6 6. Nxe5 Bc5 7. Nf3 Bg4 8.
h3 Bh5 9. Bg5 h6 10. Bh4 O-O 11. g4 Bg6 12. e5 Re8 13. O-O Be7 14. exf6 Bxf6 15.
Bxf6 Qxf6 16. Nc3 Rad8 17. Re1 h5 18. Rxe8+ Rxe8 19. Nh2 hxg4 20. hxg4 Qh4 21.
Qd2 Kh7 22. Re1 Rh8 23. Qf4 f5 24. Qxc7 fxg4 25. Qg3 Qh5 26. Qxg4 Qh6 27. Nf3
Kg8 28. Qc8+ Kf7 29. Qd7+ Kf8 30. Qd8+ Kf7 31. Re7+ Kf6 32. Qd6+ Kf5 33. Re5+
Kg4 34. Rg5+ 1-0

[Event "21st ch-EUR Indiv 2021"]
[Site "Reykjavik ISL"]
[Date "2021.09.04"]
[Round "10.41"]
[White "Kjartansson, David"]
[Black "Druska, Juraj"]
[Result "0-1"]
[WhiteTitle "IM"]
[BlackTitle "IM"]
[WhiteElo "2326"]
[BlackElo "2493"]
[WhiteFideId "2301130"]
[BlackFideId "14915650"]
[EventDate "2021.08.26"]

1. d4 f5 2. Nf3 Nf6 3. Bf4 g6 4. e3 Bg7 5. h3 O-O 6. Be2 d6 7. O-O Nc6 8. c4 Ne4
9. Bh2 e5 10. d5 Ne7 11. Nfd2 Nxd2 12. Qxd2 g5 13. Nc3 Ng6 14. f3 f4 15. Bd3 Nh4
16. e4 h5 17. Kf2 g4 18. hxg4 hxg4 19. Ke1 Rf6 20. Qe2 Rg6 21. Kd2 a6 22. Kc2
Qg5 23. Rad1 Qh5 24. Rd2 gxf3 25. gxf3 Bh3 26. Rf2 Bg2 27. c5 Nxf3 28. Kc1 Qxh2
29. Qxf3 Qh1+ 30. Qd1 Qxd1+ 31. Kxd1 f3 32. cxd6 cxd6 33. Bf1 Bh6 34. Rd3 Rc8
35. Kc2 Bf4 36. Kb3 Bg3 37. Rxg2 fxg2 38. Bxg2 Bf4 39. Bh3 Rc7 40. Be6+ Kg7 41.
a4 Rg3 42. Rxg3+ Bxg3 43. Nb1 Bf2 44. Na3 Bc5 45. Nc4 b6 46. Nd2 Kf6 0-1

[Event "21st ch-EUR Indiv 2021"]
[Site "Reykjavik ISL"]
[Date "2021.09.04"]
[Round "10.42"]
[White "Gavrilescu, David"]
[Black "Aizenberg, Benny"]
[Result "1-0"]
[WhiteTitle "IM"]
[BlackTitle "FM"]
[WhiteElo "2477"]
[BlackElo "2309"]
[WhiteFideId "1227190"]
[BlackFideId "2821125"]
[EventDate "2021.08.26"]

1. d4 Nf6 2. Nf3 g6 3. Nbd2 Bg7 4. e4 d6 5. Bd3 O-O 6. O-O Nbd7 7. Re1 e5 8. c3
b6 9. a4 a5 10. d5 Bb7 11. Bb5 Qc8 12. Nc4 Nc5 13. Nfd2 Nh5 14. b4 Nd3 15. Nxd6
cxd6 16. Bxd3 Qxc3 17. Ra3 Qc7 18. bxa5 bxa5 19. Bf1 Bh6 20. Rb3 Bc8 21. Ba3 Bd7
22. Nc4 Bxa4 23. Bxd6 Bxb3 24. Qxb3 a4 25. Qa2 Qa7 26. Bxf8 Bxf8 27. Nxe5 Qd4
28. Nc6 Qc3 29. Re3 Qc1 30. e5 Kh8 31. Rf3 Nf4 32. g3 Nh3+ 33. Kg2 Ng5 34. Rf4
a3 35. h4 Ne6 36. Rxf7 Nc5 37. d6 Ne4 38. Rc7 Qb2 39. Qxb2 axb2 40. Bd3 Nc5 41.
Bc2 Ra1 42. Nd4 Rc1 43. Rxc5 Rxc2 44. Rb5 Rd2 45. Ne6 Kg8 46. Rb8 Kf7 47. Nxf8
b1=Q 48. e6+ 1-0

[Event "21st ch-EUR Indiv 2021"]
[Site "Reykjavik ISL"]
[Date "2021.09.04"]
[Round "10.43"]
[White "Krastev, Alexander"]
[Black "Jones, Gawain C B"]
[Result "0-1"]
[WhiteTitle "FM"]
[BlackTitle "GM"]
[WhiteElo "2389"]
[BlackElo "2684"]
[WhiteFideId "12989983"]
[BlackFideId "409561"]
[EventDate "2021.08.26"]

1. e4 e5 2. Bc4 Nf6 3. Nc3 Nc6 4. d3 Bc5 5. f4 O-O 6. Nf3 exf4 7. Bxf4 d6 8. Qd2
Be6 9. Bb3 a5 10. Bg5 h6 11. Bh4 Nd4 12. Bf2 Nxf3+ 13. gxf3 Bxf2+ 14. Qxf2 d5
15. Rg1 c6 16. O-O-O Nh5 17. exd5 cxd5 18. Qd4 Qf6 19. Qxf6 Nxf6 20. d4 Rfd8 21.
Rde1 b5 22. a4 b4 23. Ne2 Nh5 24. Kd2 Kf8 25. h4 Rd6 26. Nc1 Nf4 27. Nd3 Nxd3
28. Kxd3 Rb8 29. Kd2 Bd7 30. Re5 Bc6 31. Rge1 Rbd8 32. Re7 Bd7 33. R7e5 g6 34.
c3 bxc3+ 35. bxc3 Bc6 36. f4 Rb8 37. Kc2 Bd7 38. Rxd5 Bf5+ 39. Rxf5 gxf5 40. Re5
Rg6 41. Bd5 Kg7 42. h5 Rd6 43. Bf3 Ra6 44. Rb5 Re8 45. Kd2 Kf6 46. c4 Rg8 47. d5
Rg3 48. Ke2 Rg1 49. c5 Ra1 50. c6 Rxa4 51. Rc5 Ra8 52. c7 Re8+ 53. Kf2 Ra2+ 54.
Kg3 Rg8+ 55. Kh3 Ra3 56. c8=Q Rxf3+ 57. Kh2 Rxc8 58. Rxc8 Rxf4 59. Rc6+ Kg5 60.
Ra6 a4 0-1

[Event "21st ch-EUR Indiv 2021"]
[Site "Reykjavik ISL"]
[Date "2021.09.04"]
[Round "10.44"]
[White "Kanyamarala, Trisha"]
[Black "Dragnev, Valentin"]
[Result "1/2-1/2"]
[WhiteTitle "WIM"]
[BlackTitle "GM"]
[WhiteElo "2180"]
[BlackElo "2557"]
[WhiteFideId "45004722"]
[BlackFideId "1634852"]
[EventDate "2021.08.26"]

1. d4 Nf6 2. c4 e6 3. Nc3 Bb4 4. e3 O-O 5. Bd2 c5 6. a3 Bxc3 7. Bxc3 Ne4 8. Rc1
b6 9. Nf3 Bb7 10. Be2 d6 11. O-O Qe7 12. Nd2 Nxc3 13. Rxc3 Nc6 14. Nf3 e5 15. d5
Nb8 16. e4 Bc8 17. Nd2 g6 18. Rg3 Kh8 19. Qb3 Nd7 20. Bd3 Nf6 21. Be2 Bd7 22.
Qc3 Kg7 23. Re3 h5 24. f4 Bg4 25. f5 gxf5 26. exf5 Bxe2 27. Rxe2 Rh8 28. Qg3+
Kf8 29. Qh4 Ke8 30. b4 Kd7 31. bxc5 bxc5 32. Ne4 Nxe4 33. Qxe4 Kc7 34. Rb2 Rab8
35. Rfb1 Rb6 36. Qc2 Qd7 37. Rxb6 axb6 38. Qb3 Rb8 39. a4 Qe8 40. h3 h4 41. Kh1
Qc8 42. Qb5 Qe8 43. Qb3 f6 44. Kg1 Qc8 45. Qb5 Qe8 46. Qb3 1/2-1/2